| 000 | 00646nam a2200169 a 4500 | ||
|---|---|---|---|
| 005 | 20210219150749.0 | ||
| 008 | 991125s1994 mx 000 0 spa u | ||
| 035 | _aUPN01000020681 | ||
| 050 | 4 |
_aHV878 _aP4.4 |
|
| 100 | 1 | _aPérez López, Tonantzin | |
| 245 | 1 | 3 |
_aEl escultismo como un movimiento educativo formador de hombres / _cTonantzin Pérez López. |
| 260 |
_aMéxico : _bT. Pérez López, _c1994. |
||
| 300 | _a61 h. | ||
| 502 | _aTesina (Lic. en Pedagogía) -- Unviersidad Nacional Autónoma de México. Facultad de Filosofía y Letras, Colegio de Pedagogía, 1994 | ||
| 650 | 4 | _aEXPLORADORES Y SERVICIO DE EXPLOTACION | |
| 905 | _aLibro | ||
| 999 |
_c20681 _d20681 |
||